| 000 | 00478nam a2200193Ia 4500 | ||
|---|---|---|---|
| 005 | 20230612090626.0 | ||
| 008 | 131103s9999 xx 000 0 und d | ||
| 020 | _a13:978-0-7434-7666-9. | ||
| 040 | _aLoreto College | ||
| 041 | _aEnglish | ||
| 082 |
_aF _bCLA |
||
| 100 | _aClark,Carol Higgins. | ||
| 245 |
_aBurned. _cCarol Higgins Clark. |
||
| 260 |
_aNew York. _bPocket Star Books. _cc2005. |
||
| 300 | _a358p. | ||
| 650 | _aFiction. | ||
| 850 | _aLCLIB | ||
| 942 | _cBK | ||
| 999 |
_c18013 _d68492 |
||